000 005030000a22001930004500
001 004853
003 MACL
005 20150708150434.0
008 150708b xxu||||| |||| 00| 0 eng d
040 _aMACL
_cMACL
041 _aEnglish
082 _a305.04/MON
100 _amandal, Rahim Sekh
_91454
245 _aRural Muslim Women
_bRole And status
_cRahim Sekh mandal
260 _aNew Delhi
_c2005
_bNorthern Book Centre
350 _a500
650 _aSocial Science
_91455
942 _k305
_cBK
_2ddc
999 _c16736
_d16736